Georg Busolt : his career in his letters /
This book is a study of Georg Busolt (1850-1920), a noted German historian of classical Greece. The treatment is based on a collection of his own letters, mainly written to other scholars. Over 100 letters from Busolt to others are collected and edited here. Each letter, in the original German, is p...
المؤلف الرئيسي:
مؤلفون آخرون:
التنسيق: كتاب الكتروني
اللغة:
English
German
منشور في:
Leiden ; New York :
E.J. Brill,
1990.
سلاسل:
Mnemosyne, Supplements
113.
Mnemosyne Supplements Online, Volumes 1-203, ISBN: 9789004381049.
الموضوعات:
الوصول للمادة أونلاين: Login to view Source
الوسوم: إضافة وسم
رقم الطلب: DF212.B87 A4 1990
| LEADER | 03917cam a2200601Ii 4500 | ||
|---|---|---|---|
| 001 | BRILL9789004329096 | ||
| 003 | nllekb | ||
| 005 | 20230529210431.0 | ||
| 006 | m d | ||
| 007 | cr un uuuua | ||
| 008 | 891204s1990 ne a sb 001 0aeng d | ||
| 010 | |a 89071202 | ||
| 020 | |a 9789004329096 |q (electronic book) | ||
| 020 | |z 9789004092259 |q (print) | ||
| 024 | 7 | |a 10.1163/9789004329096 |2 DOI | |
| 035 | |a (OCoLC)20826881 | ||
| 040 | |a NL-LeKB |c NL-LeKB |e rda | ||
| 041 | 0 | |a eng |a ger | |
| 043 | |a e-gx--- | ||
| 050 | 4 | |a DF212.B87 |b A4 1990 | |
| 072 | 7 | |a DSBB |2 bicssc | |
| 072 | 7 | |a LIT011000 |2 bisacsh | |
| 082 | 0 | 4 | |a 938/.007202 |2 20 |
| 082 | 0 | 4 | |a B |2 20 |
| 100 | 1 | |a Busolt, Georg, |d 1850-1920. | |
| 245 | 1 | 0 | |a Georg Busolt : |b his career in his letters / |c [edited] by Mortimer H. Chambers. |
| 264 | 1 | |a Leiden ; |a New York : |b E.J. Brill, |c 1990. | |
| 300 | |a 1 online resource (xii, 242 pages) : |b illustrations. | ||
| 336 | |a text |b txt |2 rdacontent | ||
| 337 | |a computer |b c |2 rdamedia | ||
| 338 | |a online resource |2 rdacarrier | ||
| 490 | 1 | |a Mnemosyne, bibliotheca classica Batava. Supplementum, |x 0169-8958 ; |v 113 | |
| 500 | |a Letters in German with commentary in English. | ||
| 504 | |a "Georg Busolt: bibliography": pages 220-227. | ||
| 504 | |a Includes bibliographical references. | ||
| 505 | 0 | 0 | |t Preliminary Material / |r Mortimer H. Chambers -- |t The Busolt Family / |r Mortimer H. Chambers -- |t Königsberg / |r Mortimer H. Chambers -- |t Kiel / |r Mortimer H. Chambers -- |t Göttingen / |r Mortimer H. Chambers -- |t Perthes' Handbücher / |r Mortimer H. Chambers -- |t Schöne's Call to Kiel / |r Mortimer H. Chambers -- |t Wilhelm Weber in Göttingen / |r Mortimer H. Chambers -- |t Georg Busolt: Bibliography / |r Mortimer H. Chambers -- |t Catalogue of Letters / |r Mortimer H. Chambers -- |t Catalogue of Documents / |r Mortimer H. Chambers -- |t Sources of Letters / |r Mortimer H. Chambers -- |t Illustrations / |r Mortimer H. Chambers -- |t Index / |r Mortimer H. Chambers -- |t Illustrations / |r Mortimer H. Chambers. |
| 506 | |a Available to subscribing member institutions only. | ||
| 520 | |a This book is a study of Georg Busolt (1850-1920), a noted German historian of classical Greece. The treatment is based on a collection of his own letters, mainly written to other scholars. Over 100 letters from Busolt to others are collected and edited here. Each letter, in the original German, is presented with commentary and the whole is woven into a chronological narrative and survey of Busolt's career. There are four chapters (The Busolt Family; Königsberg; Kiel, Göttingen), the last three corresponding to the universities where he studied and taught. Despite Busolt's eminence and the continued usefulness of his two great handbooks ( Griechische Geschichte; Griechische Staatskunde ), nothing has ever been written about him. Moreover, the narrative gives a picture of Prussian universities and academic issues during his period - a crucial one for the development of German education - and is thus a contribution to the history of scholarship. | ||
| 559 | 4 | |a DF212.B87 A4 1990 | |
| 600 | 1 | 0 | |a Busolt, Georg, |d 1850-1920 |v Correspondence. |
| 600 | 1 | 7 | |a Busolt, Georg, |d 1850-1920 |2 fast |
| 650 | 0 | |a Historians |z Germany |v Correspondence. | |
| 650 | 7 | |a Historians. |2 fast | |
| 651 | 7 | |a Germany. |2 fast | |
| 655 | 7 | |a Records and correspondence. |2 fast | |
| 700 | 1 | |a Chambers, Mortimer. | |
| 776 | 0 | 8 | |i Online version: |a Busolt, Georg, 1850-1920. |t Georg Busolt. |d Leiden ; New York : E.J. Brill, 1990 |w (OCoLC)988367464 |
| 830 | 0 | |a Mnemosyne, Supplements |v 113. | |
| 830 | 0 | |a Mnemosyne Supplements Online, Volumes 1-203, ISBN: 9789004381049. | |
| 856 | 4 | |z DOI: |u http://dx.doi.org/10.1163/9789004329096 | |
| 942 | |2 lcc |c EBOOK | ||
| 952 | |0 0 |1 0 |2 lcc |4 0 |6 DF0212 B87 A4 01990 |7 1 |9 47910 |a BRILL |b BRILL |d 2023-05-29 |l 0 |o DF212.B87 A4 1990 |r 2023-05-29 00:00:00 |w 2023-05-29 |y EBOOK | ||
| 999 | |c 53254 |d 53254 | ||
